Zerstörte deutsche Fußballlogos erkennen - Statistiken

Allgemein
  • Dieses Quiz wurde 507 mal gespielt
  • Das Durchschnittsergebnis liegt bei 19 aus 20
Antwortstatistiken
Bildquiz Antwort % Korrekt
FC. Bayern München
100%
Borussia Dortmund
99%
Schalke 04
99%
Bor. Mönchengladbach
98%
VFL Bochum
98%
Werder Bremen
98%
Eintracht Frankfurt
97%
Hamburger SV
97%
Hannover 96
95%
SC Freiburg
95%
1. FC Kaiserslautern
94%
1. FC Union Berlin
94%
Hertha BSC
94%
1. FC Nürnberg
93%
VFB Stuttgart
93%
Fortuna Düsseldorf
92%
FC. Augsburg
91%
Dynamo Dresden
90%
Eintr. Braunschweig
86%
Bayer 04 Leverkusen
66%
Keine übereinstimmenden Quizze gefunden
Verteilung der Resultate
Anzahl Personen mit jedem Resultat
Perzentil nach korrekt beantworteten Fragen
Ihre Resultats-Entwicklung
Sie haben dieses Quiz noch nicht gespielt